000
00260nam a22000857a 4500
008
160704b xxu||||| |||| 00| 0 eng d
100
_9
2046
_a
Levinthal, C.F
245
_a
Introduction to Physiological Psychology
260
_a
New Delhi
_b
Prentice Hall of India
_c
2003
999
_c
1747
_d
1747